000 00662nam a2200205Ia 4500
003 GCL
008 140319s9999 xx 000 0 ara d
040 _aGCL /
_cGCL
082 0 4 _a091.1
_bج ف
100 1 _aجامعة الرياض
245 1 0 _aفهرس مخطوطات جامعة الملك سعود (6) الفقة الاسلامى واصولة /
_cجامعة الرياض
260 _a[S.N] :
_bعمادة شئون المكتبات ،
_c1984
300 _a507
490 _a
650 0 4 _aالفقه الاسلامى
650 0 4 _aاصول الفقه الاسلامى
650 0 4 _aالمخطوطات
650 0 4 _aالفهارس
942 _2ddc
_cBK
999 _c31179
_d31179